[Event "Aragon-chT Preferente Gr II"]
[Site "Aragon"]
[Date "2023.02.25"]
[Round "5.62"]
[White "Gutierrez Mingueza, Ruben"]
[Black "Mimbela Lopez, Luis"]
[Result "1/2-1/2"]
[WhiteElo "2009"]
[BlackElo "2016"]
[PlyCount "46"]
[EventDate "2023.01.28"]
[EventType "team-tourn"]
[EventRounds "9"]
[EventCountry "ESP"]
[SourceTitle "EXT 2024"]
[Source "ChessBase"]
[SourceDate "2023.10.10"]
[SourceVersion "1"]
[SourceVersionDate "2023.10.10"]
[SourceQuality "1"]
[WhiteTeam "San Jose"]
[BlackTeam "Agrupacion"]
[WhiteTeamCountry "ESP"]
[BlackTeamCountry "ESP"]

1. d4 Nf6 2. Nf3 g6 3. c4 Bg7 4. g3 d6 5. Bg2 0-0 6. Nc3 Nbd7 7. 0-0 e5 8. e4 exd4 9. Nxd4 Re8 10. Re1 Nc5 11. h3 a5 12. Qc2 c6 13. Be3 Nfd7 14. f4 a4 15. Rac1 Qa5 16. Kh2 Nf8 17. Bf2 h5 18. Rcd1 Nfe6 19. Nf3 a3 20. e5 dxe5 21. Nxe5 axb2 22. Qxb2 h4 23. Qc1 hxg3+ 1/2-1/2

[Event "Aragon-chT Preferente Gr II"]
[Site "Aragon"]
[Date "2020.03.07"]
[Round "7.56"]
[White "Mombiela de Sus, Jose Luis"]
[Black "Gutierrez Mingueza, Ruben"]
[Result "1/2-1/2"]
[WhiteElo "1933"]
[BlackElo "2041"]
[PlyCount "75"]
[EventDate "2020.01.25"]
[EventType "team-tourn"]
[EventRounds "7"]
[EventCountry "ESP"]
[SourceTitle "EXT 2024"]
[Source "ChessBase"]
[SourceDate "2023.10.10"]
[SourceVersion "1"]
[SourceVersionDate "2023.10.10"]
[SourceQuality "1"]
[WhiteTeam "Las Fuentes II"]
[BlackTeam "San Jose"]
[WhiteTeamCountry "ESP"]
[BlackTeamCountry "ESP"]

1. f4 g6 2. Nf3 Bg7 3. g3 c5 4. Bg2 Nc6 5. 0-0 d6 6. d3 e6 7. e4 Nge7 8. c3 0-0 9. Be3 b6 10. Na3 Ba6 11. Re1 Rc8 12. Bf2 Qd7 13. Qd2 Rc7 14. Nc2 Rfc8 15. h4 Bb7 16. h5 b5 17. hxg6 hxg6 18. Bh3 a5 19. Ng5 Nd8 20. d4 f5 21. exf5 exf5 22. Rad1 c4 23. d5 Nxd5 24. Nd4 Nf6 25. Nde6 Nxe6 26. Rxe6 Qc6 27. Kf1 Re8 28. Rxe8+ Nxe8 29. Qe2 Bf6 30. Qe6+ Kg7 31. Re1 Re7 32. Qxe7+ Bxe7 33. Rxe7+ Kf8 34. Rf7+ Kg8 35. Bd4 Qh1+ 36. Ke2 Qxh3 37. Rf8+ Kxf8 38. Nxh3 1/2-1/2

[Event "Aragon-chT Honor Gr-B"]
[Site "Aragon"]
[Date "2019.02.23"]
[Round "5.10"]
[White "Gutierrez Mingueza, Ruben"]
[Black "Glavina, Pablo"]
[Result "0-1"]
[WhiteElo "2068"]
[BlackElo "2397"]
[PlyCount "120"]
[EventDate "2019.01.26"]
[EventType "team-tourn"]
[EventRounds "7"]
[EventCountry "ESP"]
[SourceTitle "EXT 2020"]
[Source "ChessBase"]
[SourceDate "2019.10.17"]
[SourceVersion "1"]
[SourceVersionDate "2019.10.17"]
[SourceQuality "1"]
[WhiteTeam "San Jose"]
[BlackTeam "St Casablanca"]
[WhiteTeamCountry "ESP"]
[BlackTeamCountry "ESP"]

1. d4 Nf6 2. Bg5 g6 3. Bxf6 exf6 4. e3 Bg7 5. c4 f5 6. Ne2 0-0 7. Nbc3 c5 8. dxc5 b6 9. cxb6 Qxb6 10. Qd2 Nc6 11. Nf4 Rb8 12. b3 Nb4 13. Be2 Bb7 14. 0-0 g5 15. Nh5 Bh8 16. Rac1 Qc6 17. Bf3 Qg6 18. Bxb7 Rxb7 19. Ng3 Re8 20. Nd5 a5 21. Rfd1 Be5 22. f4 Bg7 23. Re1 h6 24. Rcd1 Bf8 25. Nh5 Re6 26. Ng3 a4 27. e4 axb3 28. axb3 Nxd5 29. Qxd5 Rxb3 30. c5 Rc3 31. exf5 Rxe1+ 32. Rxe1 Rxc5 33. fxg6 Rxd5 34. gxf7+ Kxf7 35. fxg5 Bc5+ 36. Kh1 hxg5 37. Ne4 Bb4 38. Rf1+ Kg6 39. Rf6+ Kg7 40. Rf1 Re5 41. Ng3 Kg6 42. Rd1 Bc5 43. Nf1 d5 44. h3 d4 45. Nd2 Rd5 46. Nf3 Kf5 47. Kg1 Kf4 48. Kf1 d3 49. Ke1 Be3 50. Rb1 Kg3 51. Kf1 d2 52. Rd1 Rd8 53. Ke2 Bf4 54. Kf1 Rd7 55. Ng1 Rc7 56. Ne2+ Kh2 57. Nxf4 Rc1 58. Ke2 Rxd1 59. Kxd1 gxf4 60. h4 Kxg2 0-1

[Event "Aragon-chT Preferente A"]
[Site "Aragon"]
[Date "2014.03.22"]
[Round "9.43"]
[White "Gella Bitrian, Diego"]
[Black "Gutierrez Mingueza, Ruben"]
[Result "0-1"]
[WhiteElo "2054"]
[BlackElo "2081"]
[PlyCount "132"]
[EventDate "2014.01.25"]
[EventType "team-tourn"]
[EventRounds "9"]
[EventCountry "ESP"]
[SourceTitle "EXT 2015"]
[Source "ChessBase"]
[SourceDate "2014.11.20"]
[SourceVersion "1"]
[SourceVersionDate "2014.11.20"]
[SourceQuality "1"]
[WhiteTeam "Pedro Cerbuna"]
[BlackTeam "San Jose"]
[WhiteTeamCountry "ESP"]
[BlackTeamCountry "ESP"]

1. e4 c5 2. Nf3 Nc6 3. d4 cxd4 4. Nxd4 Nf6 5. Nc3 e5 6. Ndb5 d6 7. Bg5 a6 8. Na3 b5 9. Bxf6 gxf6 10. Nd5 Bg7 11. c3 f5 12. exf5 Bxf5 13. Nc2 Be6 14. Nce3 Ne7 15. a4 Nxd5 16. Nxd5 0-0 17. Be2 Rc8 18. 0-0 Kh8 19. axb5 axb5 20. Ra6 Rg8 21. Ne3 d5 22. Bg4 Qd7 23. Qf3 Rc6 24. Rfa1 Rxa6 25. Rxa6 Qb7 26. Ra1 e4 27. Qf4 b4 28. Bxe6 fxe6 29. Nd1 bxc3 30. bxc3 e5 31. Qd2 d4 32. g3 Ra8 33. Rxa8+ Qxa8 34. h4 Qa1 35. Kh2 Qb1 36. Nb2 h6 37. Nd1 Qb5 38. Kg2 Qc6 39. Kh2 Qc4 40. Kg2 Qf7 41. Qe2 Qd5 42. Kh2 Bf8 43. Qd2 Bg7 44. Qe2 Qc6 45. Qd2 Kh7 46. Kg1 Qg6 47. Kh2 Qg4 48. Qc2 Qf3 49. Qd2 Bf6 50. Qe1 Be7 51. Qd2 Bc5 52. Qc2 d3 53. Qd2 Qe2 54. Qc1 e3 55. Qb1 exf2 56. Qb7+ Kg8 57. Qa8+ Bf8 58. Qd5+ Kh8 59. Nxf2 Qxf2+ 60. Kh3 Qf5+ 61. g4 Qf1+ 62. Kg3 Qf4+ 63. Kh3 d2 64. c4 Qf1+ 65. Kg3 d1Q 66. Qxe5+ Bg7 0-1

[Event "Benidorm op U2300 09th"]
[Site "Benidorm"]
[Date "2010.12.03"]
[Round "1"]
[White "Diogo, Vasco Andre Marcalo"]
[Black "Gutierrez Mingueza, Ruben"]
[Result "1-0"]
[WhiteElo "2285"]
[BlackElo "2112"]
[PlyCount "73"]
[EventDate "2010.12.03"]
[EventType "swiss"]
[EventRounds "10"]
[EventCountry "ESP"]
[SourceTitle "CBM 139 Extra"]
[Source "ChessBase"]
[SourceDate "2011.01.05"]
[SourceVersion "1"]
[SourceVersionDate "2011.01.05"]
[SourceQuality "1"]

1. Nf3 Nf6 2. g3 c5 3. Bg2 Nc6 4. 0-0 d5 5. d3 e5 6. Nbd2 Be7 7. e4 0-0 8. Re1 dxe4 9. dxe4 Be6 10. c3 h6 11. Qe2 Qc7 12. Nh4 g6 13. Nc4 Kh7 14. Ne3 Rad8 15. h3 Rfe8 16. b3 Bf8 17. Kh2 Bg7 18. Bb2 Ne7 19. c4 Nc6 20. Nd5 Qc8 21. Nf3 Nd4 22. Nxd4 exd4 23. Qd3 Nxd5 24. cxd5 Bd7 25. Rac1 b6 26. f4 Qb8 27. e5 Bf5 28. Qf3 Bc8 29. d6 a5 30. g4 f6 31. Bxd4 cxd4 32. Rc7 Rxd6 33. exd6 Rxe1 34. Qd5 Be6 35. Qxd4 Qd8 36. Re7 Re2 37. f5 1-0

[Event "Aragon-chT"]
[Site "Aragon"]
[Date "2009.02.07"]
[Round "3"]
[White "Gutierrez Mingueza, Ruben"]
[Black "Bailo Remacha, Santiago"]
[Result "0-1"]
[WhiteElo "2068"]
[BlackElo "2038"]
[PlyCount "66"]
[EventDate "2009.01.24"]
[EventType "team-swiss"]
[EventRounds "9"]
[EventCountry "ESP"]
[SourceTitle "EXT 2011"]
[Source "ChessBase"]
[SourceDate "2010.11.26"]
[SourceVersion "1"]
[SourceVersionDate "2010.11.26"]
[SourceQuality "1"]

1. d4 g6 2. Nf3 Bg7 3. c4 b6 4. Nc3 Bb7 5. e4 c5 6. d5 d6 7. Bd3 Nd7 8. 0-0 Ngf6 9. h3 0-0 10. Bf4 a6 11. Qd2 Re8 12. Rfe1 Qc7 13. Bh2 Ne5 14. Nxe5 dxe5 15. f4 Bh6 16. g4 exf4 17. e5 Nd7 18. Bxf4 Nxe5 19. Bxe5 Qxe5 20. Qf2 Qd4 21. Rad1 Bg7 22. Qxd4 Bxd4+ 23. Kf1 e6 24. Be4 f5 25. Bf3 e5 26. gxf5 gxf5 27. Ne2 Kg7 28. Ng3 Kf6 29. Rb1 e4 30. Bd1 Rg8 31. Nh5+ Ke5 32. b4 Rg1+ 33. Ke2 Rg2+ 0-1

[Event "Aragon-ch"]
[Site "Aragon"]
[Date "2008.08.31"]
[Round "9"]
[White "Lopez Gracia, Fernando"]
[Black "Gutierrez Mingueza, Ruben"]
[Result "1-0"]
[WhiteElo "2277"]
[BlackElo "2097"]
[PlyCount "85"]
[EventDate "2008.08.23"]
[EventType "swiss"]
[EventRounds "9"]
[EventCountry "ESP"]
[SourceTitle "EXT 2011"]
[Source "ChessBase"]
[SourceDate "2010.11.26"]
[SourceVersion "1"]
[SourceVersionDate "2010.11.26"]
[SourceQuality "1"]

1. e4 c5 2. Nf3 Nc6 3. d4 cxd4 4. Nxd4 Nf6 5. Nc3 e5 6. Ndb5 d6 7. Bg5 a6 8. Na3 b5 9. Bxf6 gxf6 10. Nd5 Bg7 11. c3 0-0 12. Nc2 f5 13. exf5 Bxf5 14. Nce3 Be6 15. Bd3 f5 16. 0-0 Ne7 17. Nxe7+ Qxe7 18. Bxf5 Bf7 19. Qd3 h6 20. Be4 Rad8 21. Bd5 Kh8 22. a4 e4 23. Qd2 Bh5 24. axb5 axb5 25. Ra5 Be5 26. Rxb5 Bf3 27. Nf5 Rxf5 28. Qxh6+ Qh7 29. Qxh7+ Kxh7 30. gxf3 Rg5+ 31. Kh1 exf3 32. Bxf3 Rh8 33. Be4+ Kg7 34. Rb7+ Kf6 35. f4 Bxf4 36. Rxf4+ Ke5 37. Rbf7 Rgh5 38. Kg1 Rxh2 39. R7f5+ Ke6 40. Bd5+ Ke7 41. Rf7+ Ke8 42. Re4+ Kd8 43. Ra4 1-0